000 002800000a22001090004500
100 1 _aVos, Geerhardus (1862-1949)
245 1 0 _aLa fe y el creyente
300 _aVol.7, Núm.1 (Marzo, 2005), Páginas 76-79
520 _aHebreos 11:9-10
773 0 _tReforma Siglo 21
942 _cANA
999 _c60456
_d60456